000 00449nam a22000857a 4500
100 _aPhilip, S.
245 _aDNA extraction from agarose gels using nucleospin gel and PCR clean up
260 _bIn: Recent Advances in Molecular Biology and Biotechnology: DBT Skill Vigyan State Partnership Programme Faculty Training 2024. (Comp. C. Bindu Roy). 6-19 March 2024, Rubber Research Institute of India, Kottayam, India, pp. 132-133: Lab Manual
942 _cAR
999 _c75453
_d75453